Frae ither tongues (Record no. 194254)
[ view plain ]
| 000 -LEADER | |
|---|---|
| fixed length control field | 02358nam a2200361 a 4500 |
| 082 04 - DEWEY DECIMAL CLASSIFICATION NUMBER | |
| Classification number | 491.6/3802 |
| 245 00 - TITLE STATEMENT | |
| Title | Frae ither tongues |
| 260 ## - PUBLICATION, DISTRIBUTION, ETC. (IMPRINT) | |
| Place of publication | Clevedon [U.K.] ; |
| -- | Buffalo : |
| Name of publisher | Multilingual Matters, |
| Year of publication | c2004. |
| 300 ## - PHYSICAL DESCRIPTION | |
| Number of Pages | viii, 272 p. |
| 490 1# - SERIES STATEMENT | |
| Series statement | Topics in translation ; |
| 650 #0 - SUBJECT ADDED ENTRY--TOPICAL TERM | |
| Topical Term | Scots language |
| Topical Term | Translating and interpreting |
| Topical Term | Literature |
| 700 1# - ADDED ENTRY--PERSONAL NAME | |
| Personal name | Findlay, Bill, |
| 856 40 - ELECTRONIC LOCATION AND ACCESS | |
| Uniform Resource Identifier | http://site.ebrary.com/lib/rucke/Doc?id=10096121 |
No items available.
